00582nam a22001817a 4500999001900000005001700019010001300036020002600049037001200075100002400087245009200111250001100203260002500214270008900239300003600328700001900364942001700383 c181895d18189520211008105353.0 aEN230921 a9789332543515c899.00 bPearson aRussell, Stuart J.  aArtificial intelligence: ba modern approach /cby Stuart J. Russell [and] Peter Norvig a3rd ed aNoidabPearsonc2020 a15th Floor, Tower-B, World Trade Tower, Plot No.1, Block-C, Sector-16bNoidae201301 axviii, 1145p.:bill.c28cm(pbk) aNorvig, Peter  2ddccENmRUS